000 00563nam a22001577a 4500
003 NUST
038 _aNusrat Nadeem
082 _a200
100 _aGondal, Nouman Azfar
_9134431
245 _aImpact of Global Fast Fashion Brands on the Sustainability Practices of Second Tier Suppliers in Pakistan/
_cNouman Azfar Gondal,
264 _aIslamabad:
_NNBS NUST,
_c2026.
650 _a Executive MBA
_9120079
700 _aSupervisor: Dr. Yasmine Muhammad Javaid Iqbal
_9118386
856 _uhttp://10.250.8.41:8080/xmlui/handle/123456789/57694
942 _2ddc
_cSC
999 _c617432
_d617432